| 000 | 00994cam a2200277 a 4500 | ||
|---|---|---|---|
| 999 |
_c128234 _d128234 |
||
| 001 | 7048111 | ||
| 003 | ARRUPE | ||
| 005 | 20180924101223.0 | ||
| 008 | 750507t19641963nyu d 000 0 eng | ||
| 010 | _a 64011414 | ||
| 040 |
_aDLC _cDLC |
||
| 041 | 0 |
_aeng _alat |
|
| 042 | _apcc | ||
| 050 | 0 | 0 |
_aPA2365.E5 _bC33 1964 |
| 082 | _a473.2 | ||
| 100 |
_aSimpson, D (ed.) _942475 |
||
| 245 | 0 | 0 |
_aCassell's new compact Latin-English, English-Latin dictionary / _cCompiled by D.P. Simpson. |
| 260 |
_aNew York : _bFunk & Wagnalls, _c[1964, c1963] |
||
| 300 |
_a379 p. ; _c19 cm. |
||
| 500 | _aCaption title: Cassell's Latin-English dictionary. | ||
| 650 | 0 |
_aLatin language _vDictionaries _xEnglish. _942476 |
|
| 650 | 0 |
_aEnglish language _vDictionaries _xLatin. _942477 |
|
| 700 | 1 |
_aSimpson, D. P. _eed. _942478 |
|
| 906 |
_a7 _bcbc _cpremver _d1 _encip _f19 _gy-gencatlg |
||
| 942 |
_2lcc _cMONOGRAPH |
||